00688nam a2200229Ia 4500003000400000005001700004008004100021020001800062040000700080082001400087100002400101245004300125250000800168260003000176300002400206500001900230600003300249650001500282942001200297952013200309999001700441OSt20241023104646.0240925s9999 xx 000 0 und d a9789353061807 csd a158.3 GLA aGladding ,Samuel T. 0aCounseling: a comprehensive profession a8th aChennai:bPearsonc,2018. a596p.bNAfOriginal aIncludes Index aHumanities & Natural Science aPsychology cBK2ddc 001040708HUMaUITUbUITUd2018-12-17eRoyal Book Companyg1471.39l0o158.3 GLApQ12227r2024-09-25 07:16:22w2024-09-25yBK c14726d14726